| 000 | 00388nam a22001697a 4500 | ||
|---|---|---|---|
| 005 | 20170401122743.0 | ||
| 008 | 170401b xxu||||| |||| 00| 0 eng d | ||
| 020 | _a978-93-329-0404-4 | ||
| 041 | _aeng | ||
| 100 |
_aBASAK,N.N _93559 |
||
| 245 | _aSURVEYING AND LEVELLING | ||
| 250 | _a2nd | ||
| 260 |
_bMCGRAW HILL _c2014 |
||
| 300 | _a582 | ||
| 650 |
_aENGINEERING _93741 |
||
| 942 | _cBK | ||
| 999 |
_c5363 _d5361 |
||